[Event "Zalakaros Open"]
[Site "Zalakaros"]
[Date "1995.??.??"]
[Round "8"]
[White "Szonyi, Kata"]
[Black "Lazovic, Gordan"]
[Result "0-1"]
[WhiteElo "2175"]
[BlackElo "2335"]
[PlyCount "32"]
[EventDate "1995.??.??"]
[Source "www.chesslib.no"]
[SourceDate "2004.05.04"]

1. d4 d5 2. e4 dxe4 3. Nc3 Nf6 4. Bg5 Bf5 5. Qe2 c6 6. O-O-O e6 7. Bxf6 gxf6 8. Nxe4 Qa5 9. Nxf6+ Ke7 10. Qe5 Qxa2 11. f4 Bg7 12. d5 Nd7 13. Qc3 Bxf6 14. Qb4+ c5 15. d6+ Ke8 16. Qb5 a6 0-1

[Event "Corr"]
[Site "?"]
[Date "1998.??.??"]
[Round "?"]
[White "Eilmes Donald P"]
[Black "Oaker William R"]
[Result "0-1"]
[WhiteElo "2275"]
[BlackElo "2235"]
[PlyCount "76"]
[EventDate "1998.??.??"]
[Source "www.chesslib.no"]
[SourceDate "2004.05.04"]

1. e4 d5 2. d4 dxe4 3. Nc3 Nf6 4. f3 exf3 5. Nxf3 g6 6. Bc4 Bg7 7. O-O O-O 8. Qe1 Nc6 9. Qh4 Bf5 10. h3 Bxc2 11. Bh6 Bxh6 12. Qxh6 Nxd4 13. Qh4 Nxf3+ 14. Rxf3 c6 15. Rf2 Bf5 16. Rd1 Qc7 17. g4 Be6 18. Bxe6 fxe6 19. Rdf1 Rad8 20. Kh1 c5 21. a3 Rd3 22. g5 Nd7 23. Rxf8+ Nxf8 24. Kg2 Qc6+ 25. Kg1 Qd6 26. Kg2 Qd4 27. Qxd4 cxd4 28. Rd1 Rxd1 29. Nxd1 e5 30. Kf3 Kf7 31. Ke4 Nd7 32. Kd5 d3 33. Ne3 d2 34. Nd1 e4 35. Kxe4 Ke6 36. h4 Ne5 37. b3 Nf7 38. Kd3 Kf5 0-1

[Event "FRA-ch Accession"]
[Site "?"]
[Date "1999.08.22"]
[Round "5"]
[White "Theon Pierre"]
[Black "Gaudineau Eric"]
[Result "0-1"]
[WhiteElo "2172"]
[BlackElo "2328"]
[PlyCount "66"]
[EventDate "1999.??.??"]
[Source "www.chesslib.no"]
[SourceDate "2004.05.04"]

1. d4 d5 2. e4 dxe4 3. Nc3 e5 4. Qh5 Nf6 5. Qxe5+ Be7 6. Bf4 c6 7. Qc7 O-O 8. Qxd8 Rxd8 9. O-O-O b5 10. f3 Bf5 11. fxe4 Nxe4 12. Nxe4 Bxe4 13. Re1 f5 14. Nf3 Bf6 15. c3 Nd7 16. Be2 Rac8 17. Rhg1 c5 18. dxc5 Nxc5 19. Be5 Bxe5 20. Nxe5 Rd5 21. Nf3 b4 22. c4 Nd3+ 23. Bxd3 Rxd3 24. Nd2 Rd4 25. b3 Bc6 26. Re7 a5 27. Nf3 Rd3 28. Ng5 a4 29. Ne6 axb3 30. Rxg7+ Kh8 31. axb3 Re8 32. g4 f4 33. Rf7 Rxe6 0-1

[Event "BdF"]
[Site "?"]
[Date "1997.??.??"]
[Round "3"]
[White "Offenborn Heinz"]
[Black "Bauer Dieter Dr"]
[Result "1/2-1/2"]
[WhiteElo "2124"]
[BlackElo "2372"]
[PlyCount "42"]
[EventDate "1997.??.??"]
[Source "www.chesslib.no"]
[SourceDate "2004.05.04"]

1. d4 d5 2. e4 dxe4 3. Nc3 Nf6 4. f3 exf3 5. Nxf3 e6 6. Bg5 Be7 7. Bd3 O-O 8. O-O Nc6 9. Bb5 Bd7 10. Qd2 Nb4 11. Bc4 Bc6 12. a3 Nbd5 13. Ne5 Nxc3 14. Qxc3 Bd5 15. Bd3 c6 16. Qe1 Be4 17. Bxe4 Nxe4 18. Bxe7 Qxd4+ 19. Kh1 Qxe5 20. Bxf8 Rxf8 21. Rd1 f5 1/2-1/2

[Event "Guingamp"]
[Site "?"]
[Date "2001.04.??"]
[Round "4"]
[White "Alanic Xavier"]
[Black "Ivanov Jordan"]
[Result "0-1"]
[WhiteElo "2075"]
[BlackElo "2420"]
[PlyCount "80"]
[EventDate "2001.??.??"]
[Source "www.chesslib.no"]
[SourceDate "2004.05.04"]

1. e4 d5 2. d4 dxe4 3. Nc3 Nf6 4. f3 exf3 5. Nxf3 Bg4 6. h3 Bxf3 7. Qxf3 c6 8. Bd3 e6 9. O-O Be7 10. g4 h6 11. Qf2 Nbd7 12. Be3 Qc7 13. Rae1 Rf8 14. Bc4 O-O-O 15. a3 Nb6 16. Bd3 Nbd5 17. Nxd5 Nxd5 18. c3 Bg5 19. Bxg5 hxg5 20. Be4 Nf4 21. Re3 Rh8 22. Bg2 Rh6 23. Qc2 Rdh8 24. Rff3 Qd6 25. Qe4 Rh4 26. Bf1 R8h6 27. b4 Kc7 28. a4 Rf6 29. a5 Nd5 30. Rd3 Rf4 31. Rxf4 gxf4 32. Rf3 g5 33. a6 b6 34. b5 Ne3 35. bxc6 Rh8 36. c4 f5 37. gxf5 exf5 38. Qe5 Qxe5 39. dxe5 Kxc6 40. Kf2 Kc5 0-1